00736nam a2200229Ia 4500003000400000005001700004008004100021020002200062040000700084041000800091082002300099100005800122245002600180260002900206300001600235365001300251650003300264906002800297942001200325999001900337952015000356OSt20230411143812.0210423s2016 xx 000 0 und d a978-81-7446-572-6 cAL aeng a332.645 223bMISF aMISHRA (Bishnupriya);DEBASISH (Sathya Swaroop)986227 aFinancial derivatives aDelhibExcel Booksc2016 axiv,246bPB b525cINR aInvestment Management986228 aderivatives ; Financial 2ddccBK c169655d169655 001040708MCOMaSACPGbSACPGd2018-12-07eR V Books Distributors, Bloreg525.00l0o332.645 MISFpPG016157r2022-08-24 00:00:00w2021-04-26yBK